Normal view MARC view

Entry Personal Name

Number of records used in: 1

001 - CONTROL NUMBER

  • control field: 32321

003 - CONTROL NUMBER IDENTIFIER

  • control field: OSt

005 - DATE AND TIME OF LATEST TRANSACTION

  • control field: 20220810170823.0

008 - FIXED-LENGTH DATA ELEMENTS

  • fixed length control field: 220810|| aca||aabn | a|a d

040 ## - CATALOGING SOURCE

  • Original cataloging agency: OSt
  • Transcribing agency: OSt

100 ## - HEADING--PERSONAL NAME

  • Personal name: Gullmark, Petter

670 ## - SOURCE DATA FOUND

  • Source citation: Work cat.: (OSt)519392: Gullmark, Petter, Do all roads lead to innovativeness? A study of public sector organizations’ innovation capabilities

Powered by Koha